书目信息 |
| 题名: |
普希金经典小说选
|
|
| 作者: | (俄罗斯) 普希金 著 | |
| 分册: | ||
| 出版信息: | 北京 人民文学出版社 2019. |
|
| 页数: | ||
| 开本: | 13cm | |
| 丛书名: | 普希金经典文选 | |
| 单 册: | ||
| 中图分类: | I512.44 | |
| 科图分类: | ||
| 主题词: | 小说集--俄罗斯--近代 | |
| 电子资源: | ||
| ISBN: | 978-7-02-015187-5 | |
| 000 | 01020nam0 2200241 450 | |
| 001 | 2069325322 | |
| 005 | 20201106191533.42 | |
| 010 | @a978-7-02-015187-5@dCNY32.00 | |
| 100 | @a20200515d2019 em y0chiy0110 ea | |
| 101 | 0 | @achi |
| 102 | @aCN@b110000 | |
| 105 | @af z 000zy | |
| 200 | 1 | @a普希金经典小说选@9Pu Xi Jin Jing Dian Xiao Shuo Xuan@f (俄罗斯) 普希金著 |
| 210 | @a北京@c人民文学出版社@d2019. | |
| 215 | @d13cm | |
| 225 | 2 | @a普希金经典文选 |
| 330 | @a2019年是俄罗斯现代文学鼻祖普希金诞辰220周年,特选择能代表普希金文学创作的作品集结成“普希金经典代表作”系列,分别是小说、爱情诗和儿童文学。本选集为普希金经典小说系列,择《别尔金小说集》和《黑桃皇后》,这些中短篇小说体现了普希金小说创作的高超技巧,包括在心理描写和人物形象塑造方面,生动反映了十九世纪俄国的社会现实和社会心理。 | |
| 461 | 0 | @1200 @a普希金经典文选 |
| 606 | 0 | @a小说集@x俄罗斯@z近代 |
| 690 | 0 | @aI512.44@v5 |
| 701 | 0 | @a(俄罗斯) 普希金@9_E Luo Si _Pu Xi Jin@4著 |
| 801 | 0 | @aCN@b(网众)采访数据@c20201005 |
| 905 | @aZUCC@dI512.44@eP962 | |
| 普希金经典小说选/ (俄罗斯) 普希金著.-北京:人民文学出版社,2019. |
| 13cm.-(普希金经典文选) |
| ISBN 978-7-02-015187-5:CNY32.00 |
| 2019年是俄罗斯现代文学鼻祖普希金诞辰220周年,特选择能代表普希金文学创作的作品集结成“普希金经典代表作”系列,分别是小说、爱情诗和儿童文学。本选集为普希金经典小说系列,择《别尔金小说集》和《黑桃皇后》,这些中短篇小说体现了普希金小说创作的高超技巧,包括在心理描写和人物形象塑造方面,生动反映了十九世纪俄国的社会现实和社会心理。 |
| ● |
| 相关链接 |
|
|
|
正题名:普希金经典小说选
索取号:I512.44/P962
 
预约/预借
| 序号 | 登录号 | 条形码 | 馆藏地/架位号 | 状态 | 备注 |
| 1 | 1483630 | 214836301 | 文学库116/116文学库 16排3列4层/ [索取号:I512.44/P962] | 在馆 | |
| 2 | 1483631 | 214836310 | 文学库116/116文学库 16排3列4层/ [索取号:I512.44/P962] | 在馆 |